[Event "San Vicente op 8th"]
[Site "San Vicente"]
[Date "2024.03.30"]
[Round "6"]
[White "Espinosa Aranda, Angel"]
[Black "Neagu, Roberto Florin"]
[Result "1-0"]
[WhiteElo "2440"]
[BlackElo "2217"]
[PlyCount "67"]
[EventDate "2024.03.27"]
[EventType "swiss"]
[EventRounds "9"]
[EventCountry "ESP"]
[SourceTitle "CB14_2024"]
[SourceDate "2024.04.01"]
[SourceVersion "1"]
[SourceVersionDate "2024.04.01"]
[SourceQuality "1"]

1. c4 c5 2. Nf3 Nf6 3. g3 g6 4. b3 Bg7 5. Bb2 b6 6. Bg2 Bb7 7. 0-0 0-0 8. d4 e6 9. Nc3 d5 10. dxc5 bxc5 11. cxd5 exd5 12. Rc1 Nbd7 13. Na4 Qe7 14. Ne1 Rac8 15. Nd3 Ne4 16. Bxg7 Kxg7 17. Bxe4 dxe4 18. Ndxc5 Nf6 19. Nxb7 Qxb7 20. Qd4 Rfd8 21. Qe3 Qd7 22. Kg2 Rxc1 23. Rxc1 Qd2 24. Qxd2 Rxd2 25. Nc3 Ng4 26. h3 Ne5 27. Kf1 f5 28. Ke1 Rd7 29. Na4 g5 30. Rc5 Kf6 31. Nc3 Ke6 32. Ra5 Nc6 33. Ra6 Kd6 34. b4 1-0

[Event "Titled Tuesday intern op 27th Feb Late"]
[Site "Chess.com INT"]
[Date "2024.02.27"]
[Round "6"]
[White "Przybylski, Wojciech"]
[Black "Neagu, Roberto Florin"]
[Result "1-0"]
[WhiteElo "2308"]
[BlackElo "2205"]
[PlyCount "193"]
[EventDate "2024.02.27"]
[EventType "swiss (blitz)"]
[EventRounds "11"]
[EventCountry "USA"]
[SourceTitle "CB10_2024"]
[SourceDate "2024.03.06"]
[SourceVersion "1"]
[SourceVersionDate "2024.03.06"]
[SourceQuality "1"]

1. e4 g6 2. d4 Bg7 3. Nf3 d6 4. c4 Bg4 5. Be3 c5 6. Nc3 Bxf3 7. gxf3 cxd4 8. Bxd4 Nf6 9. Bg2 Nc6 10. Be3 Ne5 11. 0-0 0-0 12. b3 h5 13. h3 h4 14. Rc1 Nh5 15. f4 Nc6 16. Qd2 e5 17. f5 Nd4 18. Nd5 gxf5 19. Bg5 f6 20. Bxh4 f4 21. Qd1 Qe8 22. Qg4 Qf7 23. Rfd1 Kh7 24. Rxd4 exd4 25. Bf3 Qg6 26. Ne7 Qxg4+ 27. hxg4 f5 28. gxh5 fxe4 29. Bxe4+ Kh6 30. Bg6 f3 31. Nf5+ Rxf5 32. Bxf5 Kxh5 33. Bg3 Rg8 34. Be6 Rf8 35. Bd5 Rf6 36. c5 dxc5 37. Rxc5 Kg4 38. Rc7 Bh6 39. Re7 d3 40. Be6+ Kg5 41. Bc8 d2 42. Rd7 Rc6 43. Rd5+ Kg6 44. Bxb7 Rc1+ 45. Kh2 d1Q 46. Rxd1 Rxd1 47. Bxf3 Rd2 48. a4 Rb2 49. Bd5 a5 50. Kg2 Kf5 51. Kf3 Bg7 52. Bc7 Bc3 53. Bb6 Ke5 54. Bc4 Rd2 55. Be3 Rb2 56. Bf4+ Kf6 57. Be3 Ke5 58. Bf4+ Kd4 59. Bg5 Be1 60. Bf6+ Kc5 61. Bxb2 Kb4 62. Bc1 Bc3 63. Ke2 Bd4 64. Be3 Bf6 65. Bd2+ Ka3 66. Bxa5 Bb2 67. Bd2 Bd4 68. Be3 Be5 69. Kd3 Bf6 70. Ke4 Bb2 71. f3 Bf6 72. f4 Bb2 73. f5 Bf6 74. Bf4 Bc3 75. Bg5 Kb4 76. f6 Ka5 77. Kf5 Bb4 78. Ke6 Bf8 79. Bf4 Bc5 80. Be5 Kb6 81. f7 Ka5 82. Bd6 Bd4 83. Be7 Bc5 84. Kf6 Bd4+ 85. Kf5 Bc5 86. Bf6 Bf8 87. Bc3+ Kb6 88. b4 Be7 89. Ke6 Bf8 90. a5+ Kc6 91. b5+ Kc5 92. Be2 Bh6 93. Be1 Be3 94. f8Q+ Kd4 95. Qd6+ Ke4 96. Qd5+ Kf4 97. Qf5# 1-0

[Event "Alcorcon Diagonal op 2nd"]
[Site "Alcorcon"]
[Date "2023.12.26"]
[Round "2"]
[White "Neagu, Roberto Florin"]
[Black "Lopez Ramirez, Jorge Hernan"]
[Result "1-0"]
[WhiteElo "2268"]
[BlackElo "1915"]
[PlyCount "81"]
[EventDate "2023.12.26"]
[EventType "swiss"]
[EventRounds "9"]
[EventCountry "ESP"]
[SourceTitle "CB01_2024"]
[SourceDate "2024.01.03"]
[SourceVersion "1"]
[SourceVersionDate "2024.01.03"]
[SourceQuality "1"]

1. Nf3 Nf6 2. d4 g6 3. c4 Bg7 4. Nc3 0-0 5. e4 d6 6. Be2 e5 7. 0-0 Nc6 8. d5 Ne7 9. b4 a5 10. bxa5 Rxa5 11. a4 Nd7 12. Ba3 Nc5 13. Bb4 Ra6 14. Nd2 f5 15. a5 Bh6 16. Bxc5 Bxd2 17. Bb4 Bh6 18. c5 dxc5 19. Bxc5 Raf6 20. f3 Kh8 21. Qb3 Rg8 22. Rfd1 g5 23. exf5 Nxf5 24. Ne4 Rfg6 25. Bf2 g4 26. fxg4 Nd4 27. Rxd4 exd4 28. Bxd4+ Bg7 29. Bxg7+ R8xg7 30. h3 h5 31. Rf1 hxg4 32. hxg4 Qe7 33. Qe3 Bd7 34. Qf4 Qh4 35. Qe5 Bxg4 36. Rf8+ Kh7 37. Nf6+ Rxf6 38. Bd3+ Rfg6 39. Qe8 Kh6 40. Rh8+ Kg5 41. Qe5+ 1-0

[Event "ESP-chT Rapid"]
[Site "Ubeda"]
[Date "2023.09.23"]
[Round "4.5"]
[White "Santamaria Fernandez, Guillermo"]
[Black "Neagu, Roberto Florin"]
[Result "0-1"]
[WhiteElo "2217"]
[BlackElo "2272"]
[PlyCount "98"]
[EventDate "2023.09.23"]
[EventType "team-swiss (rapid)"]
[EventRounds "9"]
[EventCountry "ESP"]
[SourceTitle "EXT 2024"]
[Source "ChessBase"]
[SourceDate "2023.10.10"]
[SourceVersion "1"]
[SourceVersionDate "2023.10.10"]
[SourceQuality "1"]
[WhiteTeam "Gambito CC"]
[BlackTeam "Alcorcon Diagonal"]
[WhiteTeamCountry "ESP"]
[BlackTeamCountry "ESP"]

1. Nf3 g6 2. e4 c5 3. c3 Bg7 4. d4 cxd4 5. cxd4 d5 6. e5 Nh6 7. h3 0-0 8. Nc3 Nc6 9. Bb5 f6 10. Bxc6 bxc6 11. exf6 exf6 12. 0-0 Nf5 13. Na4 Nd6 14. b3 Ne4 15. Ba3 Re8 16. Rc1 Bd7 17. Nd2 Bh6 18. Nxe4 Bxc1 19. Nxf6+ Qxf6 20. Bxc1 Bf5 21. Nc5 Re7 22. Be3 Rae8 23. Qf3 Qh4 24. Rc1 Rf7 25. Kh2 Bc8 26. Qg3 Qxg3+ 27. Kxg3 Bf5 28. Na6 Rc8 29. Nb4 a5 30. Na6 a4 31. b4 a3 32. Rc3 Ra7 33. Nc5 Bb1 34. Bc1 Rca8 35. Nb3 Ra4 36. Na5 Rxb4 37. Nxc6 Rc4 38. Rxc4 dxc4 39. Nb4 Ra4 40. Bd2 Kf7 41. d5 Ra8 42. Kf3 Re8 43. Be3 c3 44. Ke2 Rb8 45. Bc5 Rb5 46. Bd6 Bxa2 47. Kd3 Bxd5 48. Kxc3 a2 49. Nc2 Be4 0-1

[Event "Titled Tuesday intern op 12th Sep Late"]
[Site "Chess.com INT"]
[Date "2023.09.12"]
[Round "2"]
[White "Ghosh, Chanchal Kumer"]
[Black "Neagu, Roberto Florin"]
[Result "0-1"]
[WhiteElo "2026"]
[BlackElo "2272"]
[PlyCount "66"]
[EventDate "2023.09.12"]
[EventType "swiss (blitz)"]
[EventRounds "11"]
[EventCountry "USA"]
[SourceTitle "EXT 2024"]
[Source "ChessBase"]
[SourceDate "2023.10.10"]
[SourceVersion "1"]
[SourceVersionDate "2023.10.10"]
[SourceQuality "1"]

1. e4 e6 2. Nf3 c5 3. Nc3 Nc6 4. d4 cxd4 5. Nxd4 Nf6 6. Be3 Bb4 7. Bd3 d5 8. Nxc6 bxc6 9. e5 Nd7 10. f4 c5 11. Bd2 c4 12. Be2 Bc5 13. Bf3 Rb8 14. Rb1 a6 15. Qe2 0-0 16. g3 f5 17. Nxd5 exd5 18. Bxd5+ Kh8 19. Bxc4 Nb6 20. Bd3 Bb7 21. Rf1 Na4 22. b3 Nb6 23. Be3 Bb4+ 24. Kd1 Nd5 25. Bd2 Qa5 26. a4 Bxd2 27. Qxd2 Nc3+ 28. Kc1 Qb4 29. Ra1 Be4 30. Bxe4 fxe4 31. Qd6 Ne2+ 32. Kb1 Qc3 33. Rd1 Rxb3+ 0-1

[Event "Titled Tuesday intern op 12th Sep Late"]
[Site "Chess.com INT"]
[Date "2023.09.12"]
[Round "3"]
[White "Pon, Matt"]
[Black "Neagu, Roberto Florin"]
[Result "1-0"]
[WhiteElo "2185"]
[BlackElo "2272"]
[PlyCount "81"]
[EventDate "2023.09.12"]
[EventType "swiss (blitz)"]
[EventRounds "11"]
[EventCountry "USA"]
[SourceTitle "EXT 2024"]
[Source "ChessBase"]
[SourceDate "2023.10.10"]
[SourceVersion "1"]
[SourceVersionDate "2023.10.10"]
[SourceQuality "1"]

1. e4 e6 2. d3 d5 3. Nd2 c5 4. Ngf3 Nc6 5. g3 g6 6. Bg2 Bg7 7. 0-0 Nge7 8. Re1 dxe4 9. Nxe4 b6 10. a4 0-0 11. h4 Bb7 12. h5 h6 13. hxg6 Nxg6 14. Nh2 Rb8 15. Qh5 Nce5 16. Bxh6 Bxe4 17. Bxe4 f5 18. Bg2 Bxh6 19. Qxh6 Qf6 20. f4 Nf7 21. Qh5 Kg7 22. Qf3 Rh8 23. c3 e5 24. fxe5 Nfxe5 25. Qe2 Qg5 26. Nf3 Qxg3 27. Nxe5 Nf4 28. Qf3 Qh2+ 29. Kf1 Nh5 30. Nc6 Ng3+ 31. Kf2 Rh3 32. Re7+ Kf6 33. Qd5 Ne4+ 34. dxe4 Qg3+ 35. Kf1 Qf4+ 36. Ke1 Re3+ 37. Kd1 Qg4+ 38. Kc2 Qxg2+ 39. Kb3 Qxe4 40. Rxe4 Rxe4 41. Nxb8 1-0

[Event "Collado Villalba op 40th"]
[Site "Collado Villalba"]
[Date "2023.08.24"]
[Round "3"]
[White "Neagu, Roberto Florin"]
[Black "Temes Alonso, Eduardo"]
[Result "1-0"]
[WhiteElo "2326"]
[BlackElo "1625"]
[PlyCount "69"]
[EventDate "2023.08.22"]
[EventType "swiss"]
[EventRounds "9"]
[EventCountry "ESP"]
[SourceTitle "EXT 2024"]
[Source "ChessBase"]
[SourceDate "2023.10.10"]
[SourceVersion "1"]
[SourceVersionDate "2023.10.10"]
[SourceQuality "1"]

1. Nf3 Nf6 2. d4 e6 3. e3 b6 4. Bd3 Bb7 5. Nbd2 d5 6. 0-0 Be7 7. c3 c5 8. a4 Nbd7 9. a5 0-0 10. Qe2 Qc7 11. a6 Bc6 12. e4 dxe4 13. Nxe4 Nxe4 14. Bxe4 Bxe4 15. Qxe4 Nf6 16. Qb7 Bd6 17. Qxc7 Bxc7 18. dxc5 bxc5 19. Be3 Bb6 20. Ne5 Nd5 21. Nc4 Rab8 22. Rfd1 Rfc8 23. Kf1 Kf8 24. Ke2 Ke7 25. Kd2 Nxe3 26. Kxe3 Rd8 27. Ne5 Rbc8 28. Rxd8 Bxd8 29. Rd1 Rc7 30. Nxf7 Kxf7 31. Rxd8 Ke7 32. Rb8 Kd6 33. b4 cxb4 34. cxb4 Kd5 35. Rb7 1-0

[Event "ESP-chT CECLUB Div2"]
[Site "Linares"]
[Date "2023.08.15"]
[Round "3.18"]
[White "Neagu, Roberto Florin"]
[Black "Alvarez Fernandez, Enrique"]
[Result "0-1"]
[WhiteElo "2326"]
[BlackElo "2260"]
[PlyCount "112"]
[EventDate "2023.08.13"]
[EventType "team-swiss"]
[EventRounds "7"]
[EventCountry "ESP"]
[SourceTitle "EXT 2024"]
[Source "ChessBase"]
[SourceDate "2023.10.10"]
[SourceVersion "1"]
[SourceVersionDate "2023.10.10"]
[SourceQuality "1"]
[WhiteTeam "Diagonal Alcorcon"]
[BlackTeam "Gijon 64"]
[WhiteTeamCountry "ESP"]
[BlackTeamCountry "ESP"]

1. d4 Nf6 2. Nf3 g6 3. g3 Bg7 4. Bg2 d6 5. 0-0 0-0 6. Re1 Nbd7 7. e4 e5 8. dxe5 Nxe5 9. Nxe5 dxe5 10. Nc3 c6 11. Be3 Qc7 12. h3 Be6 13. Qe2 Rfd8 14. Red1 Rxd1+ 15. Rxd1 Bf8 16. f4 exf4 17. gxf4 Bh6 18. f5 Bc4 19. Qf2 Bxe3 20. Qxe3 Re8 21. Qxa7 Ba6 22. Qd4 Nh5 23. f6 h6 24. e5 Qxe5 25. Qxe5 Rxe5 26. Rd8+ Kh7 27. Rd7 Kg8 28. Rd8+ Kh7 29. Rd7 Kg8 30. Ne4 Nf4 31. Re7 Re6 32. Nc5 Rxf6 33. Nxa6 bxa6 34. Bf1 a5 35. Re5 Rf5 36. Rxf5 gxf5 37. Kf2 Kg7 38. a4 c5 39. h4 Kf6 40. Bc4 Ng6 41. c3 Ne5 42. Be2 f4 43. b4 cxb4 44. cxb4 axb4 45. a5 b3 46. Bd1 Nd3+ 47. Ke2 b2 48. Bc2 Nb4 49. Bb1 Ke5 50. Kf3 f6 51. h5 f5 52. Kf2 Kf6 53. Kg2 Ke6 54. Kf2 Kd5 55. Kf3 Ke5 56. Ke2 Kd4 0-1

[Event "ESP-ch U18"]
[Site "Salobrena"]
[Date "2023.08.02"]
[Round "5"]
[White "Lorenzo Calvo, Damian Angel"]
[Black "Neagu, Roberto Florin"]
[Result "0-1"]
[WhiteElo "1952"]
[BlackElo "2304"]
[PlyCount "98"]
[EventDate "2023.07.31"]
[EventType "swiss"]
[EventRounds "9"]
[EventCountry "ESP"]
[SourceTitle "CBM 215 Extra"]
[Source "ChessBase"]
[SourceDate "2023.09.30"]
[SourceVersion "1"]
[SourceVersionDate "2023.09.30"]
[SourceQuality "1"]

1. e4 c5 2. Nf3 Nc6 3. d4 cxd4 4. Nxd4 g6 5. c4 Nf6 6. Nc3 d6 7. Be2 Bg7 8. Be3 0-0 9. 0-0 Bd7 10. Qd2 Nxd4 11. Bxd4 Bc6 12. f3 a5 13. b3 Nd7 14. Be3 Nc5 15. Rab1 Qb6 16. Rfc1 Rfc8 17. Rc2 Qb4 18. Qc1 Qb6 19. Qd2 Qd8 20. a3 Qf8 21. Nd5 Bxd5 22. cxd5 a4 23. Bxc5 dxc5 24. b4 cxb4 25. Rxb4 Bh6 26. Qd3 Be3+ 27. Kh1 Bc5 28. Rbc4 Bd6 29. g3 Rcb8 30. f4 b5 31. R4c3 b4 32. axb4 Bxb4 33. Rc6 a3 34. Ra2 Qd8 35. Qd4 Qa5 36. e5 Rd8 37. Bc4 Bc3 38. Qd3 Bb2 39. Qe4 Qd2 40. e6 f5 41. Qf3 Rac8 42. d6 Rxc6 43. Qxc6 Qxd6 44. Qxd6 Rxd6 45. Kg2 Rd2+ 46. Kh3 Kg7 47. Bb3 Kf6 48. Bc4 h6 49. g4 Rd4 0-1

[Event "ESP-ch U18"]
[Site "Salobrena"]
[Date "2023.07.31"]
[Round "1"]
[White "Manzanares Lopez, Alejandro"]
[Black "Neagu, Roberto Florin"]
[Result "1/2-1/2"]
[WhiteElo "1839"]
[BlackElo "2304"]
[PlyCount "80"]
[EventDate "2023.07.31"]
[EventType "swiss"]
[EventRounds "9"]
[EventCountry "ESP"]
[SourceTitle "CBM 215 Extra"]
[Source "ChessBase"]
[SourceDate "2023.09.30"]
[SourceVersion "1"]
[SourceVersionDate "2023.09.30"]
[SourceQuality "1"]

1. e4 c5 2. Nf3 Nc6 3. d4 cxd4 4. Nxd4 g6 5. c4 Nf6 6. Nc3 d6 7. Be2 Bg7 8. Be3 0-0 9. 0-0 Bd7 10. Rc1 a6 11. b3 Qa5 12. f3 b5 13. Nxc6 Bxc6 14. Nd5 Bxd5 15. cxd5 Nd7 16. Rc2 Rfc8 17. Qc1 Bc3 18. a3 b4 19. axb4 Qxb4 20. Bc4 Bg7 21. Bxa6 Rxc2 22. Qxc2 Bd4 23. Bxd4 Qxd4+ 24. Kh1 Kg7 25. Bc4 Ra1 26. Qe2 Ra3 27. Rd1 Qc3 28. Kg1 Nc5 29. Qd2 Qxd2 30. Rxd2 Nxb3 31. Bxb3 Rxb3 32. Kf2 Kf6 33. Rc2 h5 34. h4 e6 35. dxe6 fxe6 36. Rc6 Ke5 37. Ra6 Rb2+ 38. Kg3 Rd2 39. Rb6 Kf6 40. Kf4 e5+ 1/2-1/2

[Event "Titled Tuesday intern op 30th May Late"]
[Site "Chess.com INT"]
[Date "2023.05.30"]
[Round "1"]
[White "Iskusnyh, Sergei"]
[Black "Neagu, Roberto Florin"]
[Result "0-1"]
[WhiteElo "2440"]
[BlackElo "2278"]
[PlyCount "106"]
[EventDate "2023.05.30"]
[EventType "swiss (blitz)"]
[EventRounds "11"]
[EventCountry "USA"]
[SourceTitle "CBM 214 Extra"]
[Source "ChessBase"]
[SourceDate "2023.07.31"]
[SourceVersion "1"]
[SourceVersionDate "2023.07.31"]
[SourceQuality "1"]

1. d4 Nf6 2. c4 c6 3. Nf3 d5 4. e3 Bg4 5. h3 Bxf3 6. Qxf3 e6 7. Nc3 Bd6 8. Bd2 Nbd7 9. cxd5 cxd5 10. Bd3 Rc8 11. 0-0 0-0 12. Rad1 Re8 13. e4 e5 14. Nxd5 exd4 15. Bg5 Ne5 16. Nxf6+ gxf6 17. Qxf6 Qxf6 18. Bxf6 Nxd3 19. Rxd3 Rxe4 20. Rxd4 Rxd4 21. Bxd4 Rc2 22. Re1 f5 23. Kf1 Kf7 24. Rd1 Ke6 25. Bc3 Bc5 26. Rd2 Rc1+ 27. Ke2 b5 28. f4 Rg1 29. Kd3 Kd5 30. Be5 b4 31. Rc2 Rd1+ 32. Ke2 Rg1 33. Kf3 Rf1+ 34. Kg3 a5 35. Kh4 Be7+ 36. Kh5 a4 37. Kh6 Bc5 38. Kxh7 Be3 39. h4 Bxf4 40. Bxf4 Rxf4 41. h5 Rg4 42. h6 Rg3 43. Kh8 f4 44. h7 b3 45. axb3 axb3 46. Re2 Kd4 47. Re7 Rxg2 48. Rg7 f3 49. Kg8 Rxg7+ 50. Kxg7 f2 51. h8Q f1Q 52. Kg6+ Ke3 53. Qc3+ Qd3+ 0-1

[Event "Titled Tuesday intern op 16th May Early"]
[Site "Chess.com INT"]
[Date "2023.05.16"]
[Round "5"]
[White "Neagu, Roberto Florin"]
[Black "Reprintsev, Alexander"]
[Result "1-0"]
[WhiteElo "2278"]
[BlackElo "2253"]
[PlyCount "69"]
[EventDate "2023.05.16"]
[EventType "swiss (blitz)"]
[EventRounds "11"]
[EventCountry "USA"]
[SourceTitle "CBM 214 Extra"]
[Source "ChessBase"]
[SourceDate "2023.07.31"]
[SourceVersion "1"]
[SourceVersionDate "2023.07.31"]
[SourceQuality "1"]

1. e4 d5 2. exd5 Qxd5 3. Nf3 Bg4 4. Be2 Nc6 5. Nc3 Qd7 6. h3 Bf5 7. d4 e6 8. Be3 Bb4 9. Qd2 Nf6 10. Bd3 Ne4 11. Bxe4 Bxe4 12. a3 Bxf3 13. gxf3 Ba5 14. Rg1 f6 15. b4 Bb6 16. 0-0-0 0-0-0 17. Ne4 Bxd4 18. Qe2 Bxe3+ 19. Qxe3 Qf7 20. Nc5 Rhe8 21. Qe2 a6 22. Nxa6 Nd4 23. Qe4 f5 24. Qe5 Rd5 25. Qe3 e5 26. Nc5 b6 27. Nd3 g6 28. f4 e4 29. Ne5 Rexe5 30. fxe5 c5 31. c3 Nb3+ 32. Kb2 Rxe5 33. Qg5 Qe7 34. Qxe7 Rxe7 35. Kxb3 1-0

[Event "Titled Tuesday intern op 16th May Early"]
[Site "Chess.com INT"]
[Date "2023.05.16"]
[Round "2"]
[White "Tologontegin, Semetey"]
[Black "Neagu, Roberto Florin"]
[Result "1-0"]
[WhiteElo "2372"]
[BlackElo "2278"]
[PlyCount "85"]
[EventDate "2023.05.16"]
[EventType "swiss (blitz)"]
[EventRounds "11"]
[EventCountry "USA"]
[SourceTitle "CBM 214 Extra"]
[Source "ChessBase"]
[SourceDate "2023.07.31"]
[SourceVersion "1"]
[SourceVersionDate "2023.07.31"]
[SourceQuality "1"]

1. d4 d5 2. Nc3 Nf6 3. Bf4 c6 4. e3 Bf5 5. f3 e6 6. g4 Bg6 7. h4 h6 8. h5 Bh7 9. Bd3 Bd6 10. Bxh7 Bxf4 11. exf4 Nxh7 12. Nge2 Nd7 13. Qd3 Qb6 14. 0-0-0 0-0-0 15. Kb1 Nhf6 16. Nc1 Ne8 17. b3 Nd6 18. Ka1 Qa5 19. Qe3 Nb6 20. N3e2 Qa3 21. Nd3 Kc7 22. Nc5 Nd7 23. c3 Rhe8 24. Nc1 Kc8 25. N1d3 b6 26. Nxd7 Rxd7 27. Rc1 Qa6 28. Kb2 Qb5 29. Nb4 Kb7 30. a4 Qxa4 31. Ra1 Qb5 32. Ra6 c5 33. dxc5 bxc5 34. Rha1 Ra8 35. Kc2 d4 36. Qe5 d3+ 37. Nxd3 Kc8 38. Nxc5 Rd8 39. Rxd6 Rxd6 40. Qxd6 Qe2+ 41. Qd2 Qxf3 42. Qd7+ Kb8 43. Qd8# 1-0

[Event "Titled Tuesday intern op 25th Apr Early"]
[Site "Chess.com INT"]
[Date "2023.04.25"]
[Round "2"]
[White "Rustemov, Alexander"]
[Black "Neagu, Roberto Florin"]
[Result "1-0"]
[WhiteElo "2525"]
[BlackElo "2314"]
[PlyCount "137"]
[EventDate "2023.04.25"]
[EventType "swiss (blitz)"]
[EventRounds "11"]
[EventCountry "USA"]
[SourceTitle "EXT 2024"]
[Source "ChessBase"]
[SourceDate "2023.10.10"]
[SourceVersion "1"]
[SourceVersionDate "2023.10.10"]
[SourceQuality "1"]

1. d4 Nf6 2. c4 e6 3. Nf3 c5 4. d5 exd5 5. cxd5 d6 6. Nc3 g6 7. h3 Bg7 8. e4 0-0 9. Bd3 b5 10. Bxb5 Nxe4 11. Nxe4 Qa5+ 12. Nfd2 Qxb5 13. Nxd6 Qa6 14. N2c4 Nd7 15. 0-0 Ne5 16. Nxc8 Raxc8 17. Nxe5 Bxe5 18. Re1 Rfe8 19. Bh6 Qf6 20. Qd2 Bxb2 21. Rxe8+ Rxe8 22. Rd1 Bd4 23. Qf4 Qxf4 24. Bxf4 Rd8 25. d6 f6 26. Rb1 Rd7 27. Kf1 Kf7 28. Re1 h5 29. g4 hxg4 30. hxg4 a5 31. Ke2 Be5 32. Bxe5 fxe5 33. Rc1 Rxd6 34. Rxc5 a4 35. Rxe5 Rd4 36. Kf3 Rb4 37. Re4 Rb1 38. Rxa4 Ra1 39. Ra6 Rb1 40. a3 g5 41. Ke4 Rb2 42. f3 Rb3 43. Kf5 Rb5+ 44. Ke4 Rb3 45. f4 gxf4 46. Kxf4 Rb5 47. a4 Rc5 48. a5 Kg7 49. Kg3 Rd5 50. Kh4 Rb5 51. Ra8 Rc5 52. Kg3 Rb5 53. a6 Ra5 54. Kh4 Ra1 55. Kh5 Ra2 56. Ra7+ Kf6 57. g5+ Kf5 58. Rf7+ Ke6 59. Rf6+ Ke7 60. Kg6 Ke8 61. Kg7 Ra5 62. g6 Ke7 63. Rb6 Ke8 64. Kh7 Rh5+ 65. Kg8 Ke7 66. g7 Rh1 67. a7 Ra1 68. Kh7 Rh1+ 69. Rh6 1-0

[Event "Alicante Easter op 7th"]
[Site "La Nucia"]
[Date "2023.04.10"]
[Round "9"]
[White "Neagu, Roberto Florin"]
[Black "Chen, Peng"]
[Result "0-1"]
[WhiteElo "2314"]
[BlackElo "2425"]
[PlyCount "86"]
[EventDate "2023.04.05"]
[EventType "swiss"]
[EventRounds "9"]
[EventCountry "ESP"]
[SourceTitle "CBM 213 Extra"]
[Source "ChessBase"]
[SourceDate "2023.05.31"]
[SourceVersion "1"]
[SourceVersionDate "2023.05.31"]
[SourceQuality "1"]

1. Nf3 Nf6 2. g3 d5 3. Bg2 c6 4. c4 dxc4 5. 0-0 Nbd7 6. Qc2 Nb6 7. b3 cxb3 8. axb3 g6 9. Bb2 Bg7 10. e4 0-0 11. d4 Ne8 12. Rd1 f5 13. e5 Nc7 14. h3 Kh8 15. Nbd2 Be6 16. Nc4 Bd5 17. Ba3 Nb5 18. Bc5 Be4 19. Qb2 Nd5 20. Re1 b6 21. Ba3 Nxa3 22. Qxa3 Nc7 23. Qc1 Ne6 24. Rd1 Qd5 25. Qc3 Bh6 26. Ncd2 Rfd8 27. Kh1 Bxd2 28. Rxd2 a5 29. Rad1 a4 30. bxa4 Rxa4 31. Rb2 b5 32. Kh2 Nxd4 33. Nxd4 Rxd4 34. e6 Bxg2 35. Rb4 c5 36. Rxb5 Be4 37. Rxc5 Qxc5 38. Qxc5 Rxd1 39. g4 g5 40. gxf5 Rh1+ 41. Kg3 Rg1+ 42. Kh2 Rg2+ 43. Kh1 Rd1# 0-1

[Event "Titled Tuesday intern op 7th Mar Early"]
[Site "Chess.com INT"]
[Date "2023.03.07"]
[Round "2"]
[White "Castillo Pena, Patricia Evarista"]
[Black "Neagu, Roberto Florin"]
[Result "0-1"]
[WhiteElo "1772"]
[BlackElo "2314"]
[PlyCount "58"]
[EventDate "2023.03.07"]
[EventType "swiss (blitz)"]
[EventRounds "11"]
[EventCountry "USA"]
[SourceTitle "EXT 2024"]
[Source "ChessBase"]
[SourceDate "2023.10.10"]
[SourceVersion "1"]
[SourceVersionDate "2023.10.10"]
[SourceQuality "1"]

1. d4 Nf6 2. Nf3 e6 3. e3 d5 4. Bd3 c5 5. b3 Nc6 6. Bb2 h5 7. Nbd2 h4 8. h3 Bd6 9. a3 cxd4 10. exd4 Bd7 11. Qe2 Rc8 12. c4 Ne7 13. Ne5 b6 14. 0-0 a5 15. Rfe1 a4 16. b4 dxc4 17. Ndxc4 Bc7 18. Rac1 b5 19. Nxd7 Nxd7 20. Ne5 Nxe5 21. dxe5 0-0 22. Bxb5 Ng6 23. Red1 Qg5 24. Bd7 Nf4 25. Qf3 Bxe5 26. Bxe5 Rxc1 27. Rxc1 Qxe5 28. Rc5 Qe1+ 29. Kh2 Ne2 0-1

[Event "Titled Tuesday intern op 7th Mar Early"]
[Site "Chess.com INT"]
[Date "2023.03.07"]
[Round "8"]
[White "Leenhouts, Koen"]
[Black "Neagu, Roberto Florin"]
[Result "1-0"]
[WhiteElo "2440"]
[BlackElo "2314"]
[PlyCount "53"]
[EventDate "2023.03.07"]
[EventType "swiss (blitz)"]
[EventRounds "11"]
[EventCountry "USA"]
[SourceTitle "EXT 2024"]
[Source "ChessBase"]
[SourceDate "2023.10.10"]
[SourceVersion "1"]
[SourceVersionDate "2023.10.10"]
[SourceQuality "1"]

1. e4 c5 2. Nf3 d6 3. c3 Nf6 4. h3 Nc6 5. Bd3 d5 6. e5 Nd7 7. Qe2 Qc7 8. Bb5 a6 9. Bxc6 Qxc6 10. 0-0 e6 11. d3 Be7 12. Re1 h6 13. Nbd2 b5 14. Nf1 Bb7 15. Ng3 Nb6 16. Nh5 0-0-0 17. d4 Rdg8 18. dxc5 Bxc5 19. Be3 Nc4 20. Bxc5 Qxc5 21. Nd4 Kb8 22. a4 bxa4 23. Rxa4 g6 24. Nf6 Rd8 25. Rea1 Qc7 26. Rb4 Ka7 27. Nb5+ 1-0

[Event "Titled Tuesday intern op 7th Mar Early"]
[Site "Chess.com INT"]
[Date "2023.03.07"]
[Round "6"]
[White "Neagu, Roberto Florin"]
[Black "Janaszak, Dawid"]
[Result "1-0"]
[WhiteElo "2314"]
[BlackElo "2322"]
[PlyCount "89"]
[EventDate "2023.03.07"]
[EventType "swiss (blitz)"]
[EventRounds "11"]
[EventCountry "USA"]
[SourceTitle "EXT 2024"]
[Source "ChessBase"]
[SourceDate "2023.10.10"]
[SourceVersion "1"]
[SourceVersionDate "2023.10.10"]
[SourceQuality "1"]

1. e4 c5 2. Nf3 Nc6 3. d4 cxd4 4. Nxd4 g6 5. Nc3 Bg7 6. Be3 Nf6 7. f3 0-0 8. Bc4 e6 9. Nxc6 bxc6 10. Bc5 d5 11. Bxf8 Bxf8 12. Qd2 Qb6 13. Bb3 Ba6 14. 0-0-0 Nd7 15. exd5 cxd5 16. Nxd5 exd5 17. Qxd5 Bh6+ 18. Kb1 Rf8 19. Qxd7 Bg7 20. Qd6 Qa5 21. Rd5 Bb5 22. a4 a6 23. axb5 axb5 24. Qa3 Qc7 25. Qc5 Qa5 26. Qxb5 Qa7 27. Qa5 Qe7 28. Re1 Qf6 29. Qc3 Qh4 30. Qd2 Qf6 31. c3 h5 32. Bc2 Rb8 33. Rde5 Kh7 34. Re8 Rb7 35. Rc8 Qb6 36. b3 Qa5 37. Rc4 Qa3 38. Qd1 Ra7 39. Ra4 Rxa4 40. bxa4 Bxc3 41. Bxg6+ Kg7 42. Kc2 Qb2+ 43. Kd3 Bxe1 44. Qxe1 fxg6 45. Qc3+ 1-0

[Event "Titled Tuesday intern op 7th Mar Early"]
[Site "Chess.com INT"]
[Date "2023.03.07"]
[Round "5"]
[White "Sztokbant, Bernardo Vainzoff"]
[Black "Neagu, Roberto Florin"]
[Result "1-0"]
[WhiteElo "2213"]
[BlackElo "2314"]
[PlyCount "53"]
[EventDate "2023.03.07"]
[EventType "swiss (blitz)"]
[EventRounds "11"]
[EventCountry "USA"]
[SourceTitle "EXT 2024"]
[Source "ChessBase"]
[SourceDate "2023.10.10"]
[SourceVersion "1"]
[SourceVersionDate "2023.10.10"]
[SourceQuality "1"]

1. e4 c5 2. c3 d5 3. exd5 Qxd5 4. d4 cxd4 5. Nf3 Nc6 6. cxd4 Bg4 7. Nc3 Qh5 8. Be2 0-0-0 9. Be3 Nf6 10. Rc1 e6 11. 0-0 Bd6 12. h3 Bxh3 13. gxh3 Qxh3 14. Nb5 Qg4+ 15. Kh1 Qh3+ 16. Kg1 Bb8 17. Re1 Ng4 18. Nxa7+ Bxa7 19. Bf1 Qh5 20. Qa4 Kb8 21. Bf4+ Ka8 22. Rxc6 Ne5 23. Nxe5 f6 24. Ra6 fxe5 25. Rxa7+ Kb8 26. Bxe5+ Kc8 27. Ra8# 1-0